| LEADER 00000nam 2200000uu 4500 |
| 008 150421s2558||||th 000 0 tha d |
| 020 ^a9786162796241
|
| 041 0 ^atha^beng
|
| 050 4 ^aBQ5631 ภ426ป 2558
|
| 100 0 ^aภาณี วงษ์เอก...[และคนอื่นๆ]
|
| 245 00 ^aประชากรสามกลุ่มวัยได้อะไรจาการสวดมนต์ =^bBuddhist prayer benefits among three - generation population/^cภาณี วงษ์เอก...[และคนอื่นๆ].
|
| 246 0 ^aBuddhist prayer benefits among three - generation population
|
| 260 ^aนครปฐม : ^bสถาบันวิจัยประชากรและสังคม มหาวิทยาลัยมหิดล,^c2558.
|
| 300 ^a175 หน้า
|
| 440 0 ^aเอกสารทางวิชาการ/สถาบันวิจัยประชากรและสังคม มหาวิทยาลัยมหิดล;^vหมายเลข 441
|
| 650 4 ^aการสวดมนต์
|
| 650 4 ^aการสวดมนต์ ^xการใช้รักษา
|
| 650 4 ^aการสวดมนต์ ^xพุทธศาสนา
|
| 650 4 ^aธรรมะกับชีวิตประจำวัน
|
| 650 4 ^aบทสวดมนต์
|
| 700 0 ^aรศรินทร์ เกรย์
|
| 700 0 ^aณัฐจีรา ทองเจริญชูพงศ์
|
| 700 0 ^aเจตพล แสงกล้า
|
| 710 2 ^aมหาวิทยาลัยมหิดล. สถาบันวิจัยประชากรและสังคม.
|
| 999 ^aใช้งานได้ทุกระบบ
|